The Golem, the Djinni, and ChatGPT: Artificial Intelligence and the Islamicate Occult Sciences
What do golems, talismans, and Artificial Intelligence (AI) share? How would Ibn Sīnā have classified ChatGPT? Must AI be de-mythologized, or can mythos help us navigate a strange new world? Why does AI seem occult, and is ChatGPT a pricey talisman? These questions offer insight into theological con...
| Main Author: | |
|---|---|
| Format: | Electronic Article |
| Language: | English |
| Check availability: | HBZ Gateway |
| Interlibrary Loan: | Interlibrary Loan for the Fachinformationsdienste (Specialized Information Services in Germany) |
| Published: |
2025
|
| In: |
Theology and science
Year: 2025, Volume: 23, Issue: 1, Pages: 147-166 |
| RelBib Classification: | AA Study of religion AG Religious life; material religion BJ Islam YA Natural sciences ZG Media studies; Digital media; Communication studies |
| Further subjects: | B
Religion and science
B Islamicate occult sciences B ChatGPT B Artificial Intelligence B Magic B re-enchantment of modernity B Occultism |
| Online Access: |
Volltext (kostenfrei) |
MARC
| LEADER | 00000caa a22000002c 4500 | ||
|---|---|---|---|
| 001 | 1917432879 | ||
| 003 | DE-627 | ||
| 005 | 20250227153723.0 | ||
| 007 | cr uuu---uuuuu | ||
| 008 | 250218s2025 xx |||||o 00| ||eng c | ||
| 024 | 7 | |a 10.1080/14746700.2024.2436785 |2 doi | |
| 035 | |a (DE-627)1917432879 | ||
| 035 | |a (DE-599)KXP1917432879 | ||
| 040 | |a DE-627 |b ger |c DE-627 |e rda | ||
| 041 | |a eng | ||
| 084 | |a 0 |a 1 |2 ssgn | ||
| 100 | 1 | |a Inloes, Amina |e VerfasserIn |4 aut | |
| 109 | |a Inloes, Amina | ||
| 245 | 1 | 4 | |a The Golem, the Djinni, and ChatGPT: Artificial Intelligence and the Islamicate Occult Sciences |
| 264 | 1 | |c 2025 | |
| 336 | |a Text |b txt |2 rdacontent | ||
| 337 | |a Computermedien |b c |2 rdamedia | ||
| 338 | |a Online-Ressource |b cr |2 rdacarrier | ||
| 520 | |a What do golems, talismans, and Artificial Intelligence (AI) share? How would Ibn Sīnā have classified ChatGPT? Must AI be de-mythologized, or can mythos help us navigate a strange new world? Why does AI seem occult, and is ChatGPT a pricey talisman? These questions offer insight into theological concerns about AI, including (1) human exceptionalism, (2) creating new beings, (3) objects knowing, and (4) metaphors other than a demon or demigod. This article examines AI through a classical Islamicate occult paradigm to better grasp what it is, metaphysically speaking, and how developments in AI might outmode some post-Enlightenment worldviews. | ||
| 601 | |a ChatGPT | ||
| 650 | 4 | |a Religion and science | |
| 650 | 4 | |a re-enchantment of modernity | |
| 650 | 4 | |a Occultism | |
| 650 | 4 | |a Magic | |
| 650 | 4 | |a Islamicate occult sciences | |
| 650 | 4 | |a ChatGPT | |
| 650 | 4 | |a Artificial Intelligence | |
| 652 | |a AA:AG:BJ:YA:ZG | ||
| 773 | 0 | 8 | |i Enthalten in |t Theology and science |d Abingdon, Oxfordshire : Routledge, 2003 |g 23(2025), 1, Seite 147-166 |h Online-Ressource |w (DE-627)372546447 |w (DE-600)2124364-5 |w (DE-576)261325019 |x 1474-6719 |7 nnas |
| 773 | 1 | 8 | |g volume:23 |g year:2025 |g number:1 |g pages:147-166 |
| 856 | 4 | 0 | |u https://doi.org/10.1080/14746700.2024.2436785 |x Resolving-System |z kostenfrei |3 Volltext |7 0 |
| 935 | |a mteo | ||
| 951 | |a AR | ||
| ELC | |a 1 | ||
| ITA | |a 1 |t 1 | ||
| LOK | |0 000 xxxxxcx a22 zn 4500 | ||
| LOK | |0 001 4665501092 | ||
| LOK | |0 003 DE-627 | ||
| LOK | |0 004 1917432879 | ||
| LOK | |0 005 20250312091532 | ||
| LOK | |0 008 250218||||||||||||||||ger||||||| | ||
| LOK | |0 035 |a (DE-Tue135)IxTheo#2025-02-17#B2FA002F5A2D7B6B2F5EE91F9444BE4594C3BC4F | ||
| LOK | |0 040 |a DE-Tue135 |c DE-627 |d DE-Tue135 | ||
| LOK | |0 092 |o n | ||
| LOK | |0 852 |a DE-Tue135 | ||
| LOK | |0 852 1 |9 00 | ||
| LOK | |0 935 |a ixzs |a zota | ||
| LOK | |0 936ln |0 1442043539 |a BJ | ||
| LOK | |0 936ln |0 1764172264 |a ZG | ||
| LOK | |0 936ln |0 1442043229 |a AG | ||
| LOK | |0 936ln |0 1442042966 |a AA | ||
| LOK | |0 936ln |0 1895785804 |a YA | ||
| LOK | |0 939 |a 18-02-25 |b l01 | ||
| OAS | |a 1 | ||
| ORI | |a SA-MARC-ixtheoa001.raw | ||
| REL | |a 1 | ||
| STA | 0 | 0 | |a ChatGPT |
| STB | 0 | 0 | |a ChatGPT |
| STC | 0 | 0 | |a ChatGPT |
| STD | 0 | 0 | |a Applicazioni pratiche di machine learning/ChatGpt come data analyst o data scientist |
| STF | 0 | 0 | |a ChatGPT |
| STG | 0 | 0 | |a ChatGPT |
| STH | 0 | 0 | |a ChatGPT |
| STI | 0 | 0 | |a ChatGPT |
| SUB | |a REL | ||
| SYE | 0 | 0 | |a Chat GPT |



